| 000 | 01094nam a2200277 a 4500 | ||
|---|---|---|---|
| 001 | 000046348 | ||
| 003 | DO-SdBPM | ||
| 005 | 20251114104141.0 | ||
| 007 | ta | ||
| 008 | 240212s1997 dr a 000 0 spa d | ||
| 040 |
_aDO-SdBPM _bspa _cBPMSU _erda _d |
||
| 082 | 4 |
_a923.77293 _b U75r 1997 _222 |
|
| 110 | 1 |
_aRepública Dominicana. _bSecretaria de Estado de Educación, Bellas Artes y Cultos. _bDirección General de Cultura. |
|
| 245 | 1 | 0 | _aReseña acerca de la vida y obra de la insigne poeta y educadora Salomé Ureña de Henríquez / |
| 250 | _aRevisada y actualizada | ||
| 264 | 1 |
_aSanto Domingo : _bSecretaría de Estado de Educación, _c1997. |
|
| 300 |
_a16 paginas : _bilustraciones, ; _c22 cm. |
||
| 336 |
_atexto _btxt _2rdaconten |
||
| 337 |
_asin mediación _bn _2rdamedia |
||
| 338 |
_avolumen _bnc _2rdacarrier |
||
| 590 | _aInventariado, 2024 / DG | ||
| 600 | 1 | 7 |
_a Ureña de Henríquez, Salomé, _d1850-1897 _xCrtica e interpretación | |
| 650 |
_aMujeres _x Educación _zRepública Dominicana _xHistoria |
||
| 910 | _a VMateo V. Control de calidad. BPMSU | ||
| 942 |
_2ddc _cBK |
||
| 999 |
_c15505 _d15505 |
||